<?xml version="1.0" encoding="UTF-8"?>
<record
    xmlns:xsi="http://www.w3.org/2001/XMLSchema-instance"
    xsi:schemaLocation="http://www.loc.gov/MARC21/slim http://www.loc.gov/standards/marcxml/schema/MARC21slim.xsd"
    xmlns="http://www.loc.gov/MARC21/slim">

  <leader>00620nam a22001697a 4500</leader>
  <controlfield tag="008">230711b        |||||||| |||| 00| 0 eng d</controlfield>
  <datafield tag="040" ind1=" " ind2=" ">
    <subfield code="a">National Science Library</subfield>
    <subfield code="c">National Science Library</subfield>
  </datafield>
  <datafield tag="080" ind1=" " ind2=" ">
    <subfield code="a">63:33=417.7</subfield>
    <subfield code="b">K3</subfield>
  </datafield>
  <datafield tag="100" ind1=" " ind2=" ">
    <subfield code="a">Kopikar, Go R</subfield>
  </datafield>
  <datafield tag="245" ind1=" " ind2=" ">
    <subfield code="a">&#x92C;&#x947;&#x915;&#x93E;&#x930; &#x92D;&#x942;&#x92E;&#x93F; &#x915;&#x947; &#x935;&#x93F;&#x915;&#x93E;&#x938; &#x915;&#x940; &#x938;&#x940; &#x90F;&#x938; &#x906;&#x908; &#x906;&#x930; &#x915;&#x943;&#x937;&#x93F; &#x92A;&#x94D;&#x930;&#x94B;&#x926;&#x94D;&#x92F;&#x94B;&#x917;&#x93F;&#x915;</subfield>
  </datafield>
  <datafield tag="246" ind1=" " ind2=" ">
    <subfield code="a">Bekar bhumi k vikas ki CSIR krishi prodhyogik </subfield>
  </datafield>
  <datafield tag="260" ind1=" " ind2=" ">
    <subfield code="a">New Delhi: </subfield>
    <subfield code="b">Council of Scientific and Industrial Research </subfield>
  </datafield>
  <datafield tag="300" ind1=" " ind2=" ">
    <subfield code="a">40p. </subfield>
  </datafield>
  <datafield tag="650" ind1=" " ind2=" ">
    <subfield code="a">Science </subfield>
  </datafield>
  <datafield tag="653" ind1=" " ind2=" ">
    <subfield code="a">Land </subfield>
  </datafield>
  <datafield tag="942" ind1=" " ind2=" ">
    <subfield code="2">udc</subfield>
    <subfield code="c">HBK</subfield>
  </datafield>
  <datafield tag="999" ind1=" " ind2=" ">
    <subfield code="c">51234</subfield>
    <subfield code="d">51234</subfield>
  </datafield>
  <datafield tag="952" ind1=" " ind2=" ">
    <subfield code="0">0</subfield>
    <subfield code="1">0</subfield>
    <subfield code="2">udc</subfield>
    <subfield code="4">0</subfield>
    <subfield code="6">62687</subfield>
    <subfield code="7">0</subfield>
    <subfield code="9">81161</subfield>
    <subfield code="a">NSL</subfield>
    <subfield code="b">NSL</subfield>
    <subfield code="c">GF/Rk-2/C-5/R-3</subfield>
    <subfield code="d">2004-08-04</subfield>
    <subfield code="l">0</subfield>
    <subfield code="o">626.87 </subfield>
    <subfield code="p">194580</subfield>
    <subfield code="r">2023-07-11 00:00:00</subfield>
    <subfield code="w">2004-08-04</subfield>
    <subfield code="y">HBK</subfield>
  </datafield>
</record>
